000 01732cam a2200409 a 4500
001 4505185
003 SISC
005 20160302125955.0
008 980505s1999 nyua b 000 0 eng
010 _a 98007903
020 _a0064437221
040 _aDLC
_cDLC
_dDLC
042 _alcac
043 _ae-uk-en
050 0 0 _aPR 2920
_b.Al55 1999
082 0 0 _aHS 792.09421
_bA55 1999
100 0 _aAliki.
_916704
245 1 0 _aWilliam Shakespeare & the Globe /
_cwritten & illustrated by Aliki.
246 3 _aWilliam Shakespeare and the Globe
250 _a1st ed.
260 _aNew York :
_bHarperCollins Publishers,
_cc1999.
300 _a48 p. :
_bcol. ill. ;
_c30 cm.
600 1 0 _aShakespeare, William,
_d1564-1616
_xStage history
_zEngland
_zLondon
_vJuvenile literature.
_916705
600 1 0 _aShakespeare, William,
_d1564-1616
_xStage history
_yTo 1625
_vJuvenile literature.
_916706
600 1 1 _aShakespeare, William,
_d1564-1616.
_916707
610 2 0 _aGlobe Theatre (London, England : 1599-1644)
_vJuvenile literature.
_916708
610 2 1 _aGlobe Theatre (London, England : 1599-1644)
_916709
650 0 _aTheater
_zEngland
_zLondon
_xHistory
_y16th century
_vJuvenile literature.
_916710
650 0 _aTheaters
_xReconstruction
_zEngland
_zLondon
_vJuvenile literature.
_916711
650 1 _aAuthors, English.
_94125
650 1 _aTheaters
_zEngland
_zLondon.
_916712
856 4 2 _3Publisher description
_uhttp://www.loc.gov/catdir/description/hc041/98007903.html
906 _a7
_bcbc
_corignew
_d1
_eocip
_f19
_gy-gencatlg
942 _2lcc
_cBK
999 _c10441
_d10441